000 00481nam a22001577a 4500
003 MACL
005 20241022124106.0
008 241022b |||||||| |||| 00| 0 eng d
040 _cMACL
082 _a080
100 _aकैनफील्ड ,जैक
_982687
245 _aसक्सेस प्रिन्सपल्स
260 _aपुणे
_bमयमिरर पब्लिकैशन
_c2023
650 _aप्रेरणा
_982688
942 _2ddc
_cHIN
999 _c67389
_d67389